006120000a2200181000450024501370000065000320013765000200016965000170018965000190020665000260022565100380025165300300028904100130031970000160033270000160034810000200036477300460038410aSponge communities in three submarine caves of the Balearic Islands (): adaptations and faunistic composition14aAdaptación medioambiental14aUso del habitat14aMorfología14aDistribución14aComunidades marínas 4lIslas BalearesdMayorcapEspaña gPlakinaePlakina trilopha0 aInglés1 aUriz, M. J.1 aGili, J. M.1 aBibiloni, A. M.1 tMarine Ecology3181h4q318-334d1989g10